| 000 | 00547nam a22002057a 4500 | ||
|---|---|---|---|
| 005 | 20151211053333.0 | ||
| 008 | 101213s2012 nyua 001 0 eng | ||
| 020 | _a9780078110856 | ||
| 020 | _a0078110858 | ||
| 041 | 0 | _aeng | |
| 080 | _a657 | ||
| 245 | 0 | 0 |
_aSurvey of accounting / _cThomas P. Edmonds ... [et al.]. |
| 250 | _a3rd ed. | ||
| 260 |
_aNew York : _bMcGraw-Hill/Irwin, _c2012. |
||
| 300 |
_a688 f. : _bme il.; _c29 cm. |
||
| 505 | _aIndex: f. 679 - 688 | ||
| 650 | 0 | _aKontabiliteti | |
| 700 | 1 | _aEdmonds, Thomas P. | |
| 942 |
_2udc _cBK |
||
| 999 |
_c751 _d751 |
||